| 000 | 00532nam a2200181Ia 4500 | ||
|---|---|---|---|
| 999 |
_c36254 _d36254 |
||
| 003 | OSt | ||
| 005 | 20201218144255.0 | ||
| 008 | 190216s9999||||xx |||||||||||||| ||und|| | ||
| 020 | _a9781853263118 | ||
| 040 | _coclc | ||
| 082 |
_a422.03 _bSKE/T |
||
| 100 |
_aSkeat, Walter W _97696 |
||
| 245 | 4 |
_aThe Concise Dictionary Of English Etymology / _cWalter W Skeat |
|
| 260 |
_bWordsworth Editions Ltd, _c1993. |
||
| 300 | _a633p | ||
| 650 | _aDictionaries | ||
| 942 |
_cREF _2ddc _h422.03 _iSKE/T _k422.03 _mSKE/T |
||